|
|
|
|
| LEADER |
00000nab a2200000 a 4500 |
| 001 |
vtls000440089 |
| 003 |
SK-MaSNL |
| 005 |
20260303202258.0 |
| 008 |
120926c1991 xo 0 slo |
| 015 |
|
|
|a SNBRB19rr/mm-uuuuu
|
| 035 |
|
|
|a CL0440219
|
| 040 |
|
|
|a SNKBUCL
|b slo
|c SNKBUCL
|e AACR2
|
| 041 |
0 |
|
|a slo
|
| 044 |
|
|
|a xo
|c SK
|
| 080 |
|
|
|a 7.091.4
|2 1981
|
| 080 |
|
|
|a 73/76.071.1
|2 1981
|
| 080 |
|
|
|a 929 Holmer, Anna
|2 1981
|
| 100 |
1 |
|
|a Archlebová, Tamara,
|d 1951-
|4 aut
|9 109883
|
| 245 |
1 |
0 |
|a O americkom performance u nás aj o inom..
|c Tamara Archlebová ; Anna Holmer
|
| 600 |
1 |
7 |
|a Holmer, Anna
|2 snkbucl
|9 1233854
|
| 650 |
0 |
7 |
|a umenie alternatívne
|2 snkbucl
|9 876878
|
| 650 |
0 |
7 |
|a Medzinárodný festival alternatívneho umenia 1991 Nové Zámky, Slovensko
|2 snkbucl
|9 968995
|
| 651 |
|
7 |
|a 5207
|2 snkbucl
|9 276522
|
| 655 |
|
7 |
|a články z novín a časopisov
|2 snkbucl
|9 267496
|
| 773 |
0 |
|
|t Profil
|g Roč. 1, č. 17-18 (1991), s. 9
|
| 850 |
|
|
|a Slovenská národná knižnica v Martine
|a MTA001
|
| 852 |
|
|
|a SNK
|b KIS3GCP
|
| 958 |
|
|
|a RK
|
| 992 |
|
|
|a RBX
|
| 999 |
|
|
|c 2178752
|d 2180682
|